00343nam a2200133Ia 4500008004100000020001500041041001200056082001600068100001900084245004900103260003500152300000800187650001400195221030s9999 xx 000 0 und d a8129710951 aEnglish a105.23bRoc aM. J. Rochkind 0aAdvanced UNIX Programmingcby M. J. Rochkind bPearson EducationaDelhic2005 a731 aComputers